000 00469nam a2200181Ia 4500
003 GCL
008 140319s9999 xx 000 0 eng d
040 _aGCL /
_cGCL
082 0 4 _a526.9
_bA A
100 1 _aAGOR, R.
245 1 0 _aA TEXTBOOK ADVANCES SURVEYING /
_cAGOR, R.
260 _a[S.N] :
_bKHANNA PUBLISHERS ،
_c1993
300 _a674\P
650 0 4 _aالتحليل الرياضى
650 0 4 _aCIVIL ENGINEERING
650 0 4 _aSURVEYING
942 _2ddc
_cBK
999 _c20177
_d20177